00758nam a22002057a 450000500170000001000150001702000260003203500130005803700130007108200150008410000270009924500760012626000330020227000680023530000250030350000500032894200290037899900170040795201280042420141119145520.0 aENG-111136 c795.00a9789382420422 aEN-94668 bDBAD/PUB a320.540954 aBhuyan, Pranaba Ranjan aSecularism :bthe nucleus of Indian culture /cby Pranaba Ranjan Bhuyan aNew DelhibKunal Booksc2014 bNew Delhie110002a4648/21, First Floor, Ansari Road, Daryaganj axvii,222p.c23cm(Hb) aIncludes bibliographical references and index 2ddccENmBHUh320.540954 c89834d89834 001040718NFICaDBADbDBADd2014-11-10eDBAD/PUBg795.00l0o320.540954 BHUpEN-94668r2014-11-10 00:00:00t1v795.00yEN